Представление документа в формате MARC21

Поле Инд. ПП Название Значение
Тип записи a
Библиографический уровень b
001 Контрольный номер RU/IS/BASE/216318155
005 Дата корректировки 20200731202215.7
008 Кодируемые данные 20061108
040 b Код языка каталог. rus
e Правила каталог. PSBO
041 0_ a Код языка текста rus
084 a Индекс другой классификации/Индекс ББК 88.41; 88.531-8в; 88.611.9
100 1_ a Автор Ящук А. В.
245 10 a Заглавие Социальная дезадаптация у беспризорных детей в приюте
504 a Библиография Лит.
520 0_ a Аннотация Статья посвящена проблеме типологии дезадаптации и определению степени социальной адаптации
650 04 a Основная рубрика детская психология
a Основная рубрика педагогическая психология
a Основная рубрика психология
a Основная рубрика социальная психология
a Основная рубрика психология личности
a Основная рубрика возрастная психология
653 1_ a Ключевые слова беспризорные дети
a Ключевые слова детская беспризорность
a Ключевые слова приюты
a Ключевые слова социальная дезадаптация
773 0_ t Заглавие источника Высшее образование сегодня
d Дата издания источника 2006
g Прочая информация № 9. - С. 60 - 62
w Контрольный № источника RU/IS/BASE/214580098
901 t Тип документа b